00661cam a22002173a 450000100060000000300060000600500170001200800410002904000150007004200070008505000070009210000370009924500820013626000290021850600300024751600200027765300480029770000270034583000290037285600420040125357PGUSA20140828083539.0080506s2008||||xxu|||||s|||||000 | eng d aPGUSAbeng adc 4aPQ1 aLa Fontaine, Jean de,d1621-169512aA Hundred Fables of La Fontaineh[electronic resource] /cJean de La Fontaine bProject Gutenberg,c2008 aPublic domain in the USA. aElectronic text aFables, French -- Translations into English1 aBillinghurst, Percy J. 0aProject Gutenbergv2535740uhttp://www.gutenberg.org/ebooks/25357